Harry Potter Characters by Haiku Quiz Stats

 Plays Quiz not verified by Sporcle

Score 0/32 Timer 06:00
2 Plays Today
% Correct
Dobby
92.5%
Hermione Granger
91.8%
Quirinus Quirrell
91.6%
Viktor Krum
91.2%
Draco Malfoy
91%
Alastor 'Mad-Eye' Moody
91%
Severus Snape
91%
Albus Dumbledore
90.8%
Neville Longbottom
90.8%
Fleur Delacour
90.8%
Harry Potter
90.4%
Lord Voldemort
90.1%
Gilderoy Lockhart
89.7%
Ginny Weasley
89.5%
Luna Lovegood
89.3%
Minerva McGonagall
89.3%
% Correct
Remus Lupin
89.3%
Dolores Umbridge
89.3%
Marge Dursley
89.1%
Rubeus Hagrid
88.7%
Ron Weasley
88.1%
George Weasley
87.2%
Argus Filch
87.2%
Dudley Dursley
87.2%
Sybill Trelawney
87.2%
Rita Skeeter
86.8%
Bellatrix Lestrange
85.5%
Cornelius Fudge
84.7%
Sirius Black
84.3%
Mundungus Fletcher
81.3%
Percy Weasley
74.8%
Horace Slughorn
73.4%

You're not logged in!

Compare scores with friends on all Sporcle quizzes.
OR
Log In

Show Comments

Extras

Top Quizzes Today


Score Distribution

Your Account Isn't Verified!

In order to create a playlist on Sporcle, you need to verify the email address you used during registration. Go to your Sporcle Settings to finish the process.

Report this User

Report this user for behavior that violates our Community Guidelines.

Details: